Provincias de España por sigla - Estadísticas

Estadísticas generales
  • Esta prueba ha sido intentada 42 veces
  • La puntuación promedio es 42 de 50
Respuestas en el mapa
Las respuestas están codificadas por una escala verde-roja en el mapa de la prueba según el % correcto abajo.
 
Estadísticas de respuestas
Sigla Provincia % Correcto
A Alicante
97%
M Madrid
97%
AL Almería
94%
B Barcelona
94%
C La Coruña
94%
CA Cádiz
94%
L Lérida
94%
P Palencia
94%
S Cantabria
94%
SE Sevilla
94%
T Tarragona
94%
V Valencia
94%
Z Zaragoza
94%
BA Badajoz
91%
CO Córdoba
91%
H Huelva
91%
MA Málaga
91%
MU Murcia
91%
TE Teruel
91%
ZA Zamora
91%
AV Ávila
88%
CR Ciudad Real
88%
CU Cuenca
88%
J Jaén
88%
LE León
88%
O Asturias
88%
PO Pontevedra
88%
SA Salamanca
88%
BU Burgos
84%
GU Guadalajara
84%
NA Navarra
84%
TO Toledo
84%
GR Granada
81%
HU Huesca
81%
LU Lugo
81%
VA Valladolid
81%
VI Álava
81%
AB Albacete
78%
CC Cáceres
78%
SG Segovia
78%
SO Soria
78%
GI Gerona
75%
CS Castellón
72%
OR Orense
69%
BI Vizcaya
66%
LO La Rioja
66%
SS Guipúzcoa
50%
TF Santa Cruz de Tenerife
50%
GC Las Palmas
44%
PM Islas Baleares
44%
No se encontraron pruebas coincidentes
Distribución de puntuación
Porcentaje de gente con cada puntuación
Porcentaje por número respondido
Historial de tus puntuaciones
No has intentado esta prueba.